000
00319nam a2200133Ia 4500
008
150201s2010 xx 000 0 und d
082
_a
621.381
_b
C10B
100
_a
BHAWANA , PURI
245
2
_a
A TB. OF COMPUTER IN NURSING
260
_b
AITBS
_a
DELHI
_c
2010
300
_a
376
650
_a
COMPUTER
942
_2
ddc
_c
BK
_0
9
999
_c
1933
_d
1933